Statistics for NBA relocated or removed teams quiz. (REALLY HARD!)

Click here to take the quiz!

General Stats

  • This quiz has been taken 418 times
  • The average score is 14 of 33

Answer Stats

CitiesAnswer% Correct
SeattleSupersonics
91%
BaltimoreBullets
83%
CapitalBullets
83%
MinnepolisLakers
72%
Oklahoma CityHornets
71%
New OrleansHornets
71%
MilwaukeeHawks
67%
WaterlooHawks
67%
St. LouisHawks
67%
PhiladelphiaWarriors
65%
VancouverGrizzlies
63%
CincinattiRoyals
63%
RochesterRoyals
63%
Fort WaynePistons
55%
Kansas CityKings
49%
New OrleansJazz
47%
San DiegoClippers
46%
BufalloBraves
44%
SyracuseNationals
39%
San DiegoRockets
37%
ChicagoStags
22%
AndersonPackers
18%
ProvidenceSteam Rollers
18%
Tri-CitiesBlackhawks
17%
ChicagoZephyrs
15%
WashingtonCapitals
13%
St. LouisSpirits
9%
St. LouisBombers
8%
PittsburghIronmen
6%
SheyboyganRed Skins
6%
DetroitFalcons
5%
IndianapolisJets
4%
ClevelandRebels
4%

Score Distribution

Percentile by Number Answered

Percent of People with Each Score

Your Score History

You have not taken this quiz